| 000 | 00687cam a22002295a 4500 | ||
|---|---|---|---|
| 001 | L154180 | ||
| 002 | 18777 | ||
| 008 | 111024s2011 xxk f 000 0 eng d | ||
| 035 | _a(Sirsi) u154180 | ||
| 041 | 0 | _aeng | |
| 050 | 0 | 4 | _a690 |
| 110 | 2 |
_aBritish Council for Offices _93992 |
|
| 245 | 0 | 0 | _aGood practice in the selection of construction materials 2011 |
| 260 |
_aLondon _bBCO _c2011 |
||
| 520 | _aAn outline for clients and materials specifiers on how to apply good practice to the selection of materials in construction. | ||
| 521 | _aS | ||
| 590 | _aKA NTK | ||
| 650 | 2 | 4 | _aBCO |
| 651 | 4 | _aENGLAND AND WALES | |
| 690 | _aCONSTRUCTION MATERIALS, SELECTION | ||
| 942 | _n0 | ||
| 999 |
_c112876 _d112876 |
||